| 000 | 00545nam a2200181Ia 4500 | ||
|---|---|---|---|
| 003 | OSt | ||
| 005 | 20200915132744.0 | ||
| 008 | 190216s9999||||xx |||||||||||||| ||und|| | ||
| 020 | _a9788178982267 | ||
| 040 | _coclc | ||
| 082 |
_a492.7 _bRAH/T |
||
| 100 |
_aRahman, Syed Azizur _92380 |
||
| 245 | 0 |
_aTeach Yourself Arabic : _bA Modern And Step By Step Approach / _cSyed Azizur Rahman |
|
| 260 |
_bGood Word Books, _aNew Delhi: _c2005. |
||
| 300 | _a414p | ||
| 650 | _aArabic | ||
| 942 |
_cBK _2ddc _h492.7 _iRAH/T _k492.7 _mRAH/T |
||
| 999 |
_c652 _d652 |
||